LEADER 01364nam a2200337 u 4500 001 000000003860 003 CaOOAMICUS 005 20070226104603.0 008 940514s1978 fr a u000 u fre u 020 $a53.00F 035 $a10102376 040 $aPUL(R)$bita 082 0 $a340.5/4$219 100 1 $aMagdelain, André.$0(OLS)http://pul/name/4016 245 13$aLa loi à Rome :$bhistoire d'un concept /$cAndré Magdelain. 260 $aParis :$bBelles Lettres,$c[c1978] 300 $a94 p. :$bill. ;$c24 cm 490 1 $aCollection d'études latines.$aSérie scientifique ;$v34 504 $aIncludes bibliographical references. 650 4$aRoman law.$0(OLS)http://pul/subject/117 830 0$aCollection d'études latines.$pSérie scientifique ;$v34.$0(OLS)http://pul/title/5641 850 $aPUL 852 $aPUL$W1$xSL Diritto e Scienze Sociali 1$y4$m183 F 52$j5317$nBK-PRI$b $qStampati$B5317$CPULBib$Z2$F5317 $H $81 941 1 $a8 960 $aDiritto romano$9117 960 $aDiritto romano$9117 961 $aINV: 66602 996 $6020$a53.00F$9(OLS)http://pul/number/5027 996 $6082$a340.5/4$219$9(OLS)http://pul/classification/19 996 $6245$aLa loi à Rome :$bhistoire d'un concept$9(OLS)http://pul/title/5640 996 $6260$aParis :$bBelles Lettres$9(OLS)http://pul/publisher/48155 LEADER 01199nam a2200289 u 4500 001 000000005512 003 CaOOAMICUS 005 20070226104753.0 008 940514s1982 it u000 u ita u 035 $a10142222 040 $aPUL(R)$bita 100 1 $aTuriello, Lucia.$0(OLS)http://pul/name/5702 245 10$aPersona e società civile nel pensiero di Rosmini /$cLucia Turiello. 260 $aRoma :$bCittà Nuova,$cc1982. 300 $a111 p. ;$c20 cm 490 1 $aRicerche ;$v9 504 $aBibliography: p. 107-111. 600 14$aRosmini Serbati, Antonio,$cb.,$d1797-1855.$0(OLS)http://pul/subject/28 650 0$aSociological jurisprudence.$2//eng$0(OLS)http://pul/subject/4987 650 0$aPersons (Law).$2//eng$0(OLS)http://pul/subject/1218 830 0$aRicerche (Città nuova) ;$v9.$0(OLS)http://pul/title/7967 850 $aPUL 852 $aPUL$W1$xSL Filosofia 1$y2$m93 A 55$j7721$nBK-PRI$b $qStampati$B7721$CPULBib$Z2$F7721 $H $81 941 1 $a8 961 $aINV: 57010 996 $6245$aPersona e società civile nel pensiero di Rosmini$9(OLS)http://pul/title/8075 996 $6260$aRoma :$bCittà Nuova$9(OLS)http://pul/publisher/47927 LEADER 01181nam a2200277 u 4500 001 000000008276 003 CaOOAMICUS 005 20070226105057.0 008 940516s1954 it u000 u ita u 035 $a10213277 040 $aPUL(R)$bita 110 1 $aEuropa.$0(OLS)http://pul/name/8273 240 10$aLeggi, ecc.$9(Europa).$0(OLS)http://pul/title/12121 245 13$aLe Costituzioni Europee /$cBoris Mirkine-Guetzévitch. 260 $aMilano :$bEdizioni di Comunità,$c1954. 300 $axix, 736 p. : ;$c26 cm 650 4$aDiritto$xStoria.$0(OLS)http://pul/subject/836 651 4$aEuropa$xCostituzioni.$0(OLS)http://pul/subject/7133 850 $aPUL 852 $aPUL$W1$xDP2 Diritto e Scienze Sociali 1$y65$m175 A 7$j11704$nBK-PRI$qStampati$B11704$CPULBib$Z2$F11704 $H18677 $82 852 $aPUL$W1$xDP1 Fondo Cecchetti$y53$m275 C 1$j11705$nBK-PRI$b $qFondi$B11705$CPULBib$Z2$F11705 $HPUL7101 $81 941 1 $a8 941 1 $a1 961 $aINV: 18677 996 $6245$aLe Costituzioni Europee$9(OLS)http://pul/title/12122 996 $6260$aMilano :$bEdizioni di Comunità$9(OLS)http://pul/publisher/48252 LEADER 01162nam a2200289 u 4500 001 000000045557 003 CaOOAMICUS 005 20070226114657.0 008 990607s1963 fr u000 u fre u 035 $a10825673 040 $aPUL(R)$bita 041 1 $afre$hlat 110 2 $aPapi (1958-1963 : Iohannes PP. XXIII).$0(OLS)http://pul/name/18013 240 10$aPacem in terris.$lFrancese.$0(OLS)http://pul/title/61425 245 10$aEncyclique Pacem in terris /$ccommentaire et index analytique par L'action populaire. 260 $aParis :$bSpes,$c1963. 300 $a204 p. ;$c19 cm 500 $aIn testa al front.: Jean XXIII. 500 $aContiene indice analitico : pp. 197-204. 850 $aPUL 852 $aPUL$W1$xDP1 Cons. Gen., Altre Classi 1$y22$m43 G 30$j61194$nBK-PRI$b $qStampati$B61194$CPULBib$Z2$F61194 $H $81 900 $aIohannes PP.$bXXIII,$cs.,$d1881-1963$918013 900 $aIohannes PP.$bXXIII,$cs.,$d1881-1963$918013 941 1 $a8 961 $aINV: 49363 996 $6245$aEncyclique Pacem in terris$9(OLS)http://pul/title/61426 996 $6260$aParis :$bSpes$9(OLS)http://pul/publisher/58301 LEADER 01314nam a2200313 u 4500 001 000000053265 003 CaOOAMICUS 005 20070226115536.0 008 001110s2000 nyu u000 u eng u 020 $a0385264372 035 $a10860888 040 $aIPA$bita 041 1 $aeng$hheb 130 0 $aBiblia.$pV.T.$pProverbia.$nI-IX$lInglese.$0(OLS)http://pul/title/71437 245 10$aProverbs 1-9 :$ba new translation with introduction and commentary /$cby Michael V. Fox. 260 $aNew York :$bDoubleday,$c2000. 300 $axix, 474 p. ;$c24 cm 490 1 $aThe Anchor Bible ;$v18A 504 $aBibliografia: p. 425-474. 630 04$aBiblia.$pV.T.$pProverbia.$nI-IX$xCommenti.$0(OLS)http://pul/subject/22037 700 1 $aFox, Michael V.,$d1940-$0(OLS)http://pul/name/37914 830 4$aThe Anchor Bible ;$v18A.$0(OLS)http://pul/title/18634 850 $aPUL 852 $aPUL$W1$xSL Religione 1$y3$m1(6) G 18A$j70301$nBK-PRI$b $qStampati$B70301$CPULBib$Z2$F70301 $H $81 941 1 $a8 961 $aINV: 87541 996 $6020$a0385264372$9(OLS)http://pul/number/67157 996 $6245$aProverbs 1-9 :$ba new translation with introduction and commentary$9(OLS)http://pul/title/71438 996 $6260$aNew York :$bDoubleday$9(OLS)http://pul/publisher/53872 LEADER 01318nam a2200313 u 4500 001 000000054816 003 CaOOAMICUS 005 20070226115721.0 008 010108s1993 it u000 u ita u 020 $a88-7018-229-0 035 $a10864920 040 $aPUL(R)$bita 041 0 $aita$hger 100 1 $aJonas, Hans,$d1903-1993.$0(OLS)http://pul/name/9803 240 10$aPhilosophie.$lItaliano.$0(OLS)http://pul/title/73455 245 13$aLa filosofia alle soglie del Duemila :$buna diagnosi e una prognosi /$cHans Jonas ; a cura di Carlo Angelino. 260 $aGenova :$bIl melangolo,$cc1993. 300 $a59 p. ;$c20 cm 490 1 $aOpuscula ;$v59 504 $aBibliografia in nota. 650 4$aFilosofia contemporanea.$0(OLS)http://pul/subject/8502 700 1 $aAngelino, Carlo.$0(OLS)http://pul/name/38744 830 0$aOpuscula ;$v59.$0(OLS)http://pul/title/19892 850 $aPUL 852 $aPUL$W1$xDP1 Fondo Giannini$y60$m1557 E 43$j72154$nBK-PRI$b $qFondi$B72154$CPULBib$Z2$F72154 $H $81 941 1 $a1 996 $6020$a88-7018-229-0$9(OLS)http://pul/number/68996 996 $6245$aLa filosofia alle soglie del Duemila :$buna diagnosi e una prognosi$9(OLS)http://pul/title/73456 996 $6260$aGenova :$bIl melangolo$9(OLS)http://pul/publisher/53261 LEADER 00786nam a2200217 u 4500 001 000000087626 003 CaOOAMICUS 005 20070226124427.0 008 051017s1965 it u000 u ita u 035 $a11064218 040 $aPUL(R)$bita 100 1 $aLodi, Mario,$d1922-2014.$0(OLS)http://pul/name/57160 245 10$aAmen /$cMario Lodi. 260 $aBrescia :$bQueriniana,$cstampa 1965. 300 $a130 p. ;$c19 cm 650 4$aLiturgia$xStudi.$0(OLS)http://pul/subject/13193 850 $aPUL 852 $aPUL$W1$xDP1 Fondo Pastorale$y55$mP2 C 33$j111065$nBK-PRI$b $qFondi$B111065$CPULBib$Z2$F111065 $H $81 941 1 $a1 996 $6245$aAmen$9(OLS)http://pul/title/113366 996 $6260$aBrescia :$bQueriniana$9(OLS)http://pul/publisher/47906